| 000 | 00576nam a22001937a 4500 | ||
|---|---|---|---|
| 003 | NUST - PNEC | ||
| 005 | 20170116180803.0 | ||
| 008 | 150417b xxu||||| |||| 00| 0 eng d | ||
| 020 | _a8126119381 | ||
| 040 | _cLIBRARY | ||
| 082 | _a371.20711 SIN | ||
| 100 |
_92719 _aSingh, Bharat. |
||
| 245 |
_aModern Educational Administration _cBharat Singh. |
||
| 250 | _a- | ||
| 260 |
_aIndia : _bNew Delhi, _cc 2004. |
||
| 300 | _a286 p . : | ||
| 650 |
_92721 _aModern Educational Administration _xSchool management and organization--Study and teaching (Higher) |
||
| 942 |
_2ddc _cBK |
||
| 999 |
_c63052 _d63052 |
||